000 00318nam a2200145Ia 4500
008 230718s9999 xx 000 0 und d
041 _aEng.
082 _a342.41
_bGRI-A
100 _aGrifting Stephen
245 0 _aAmerican
260 _aPakistan
_bPrimation
_c2015
300 _a216
650 _aLaw
999 _c31910
_d31910